01659 a2200265 4500003000500000005001700005008004100022010001600063020001700079040000600096082001400102100002300116245004300139260002900182300002000211490002900231500000800260505081200268538002901080650005401109650002101163655002201184856009701206856009001303NUST20171120143832.0171120b xxu||||| |||| 00| 0 eng d a 91053197 a0679405879 : c000a823.8 TRO1 aTrollope, Anthony,10aBarchester Towers /cAnthony Trollope. aIslamabad:bNBF :c1992. a477p. ;c21 cm.0 aEveryman's library ;v57 aH.B aHow Will Be The New Bishop? (Page-7),Hirams Hospital According (Page-15), Dr And Mrs Proudie(Page-21), The Bishops Chaplain (Page-27), The Morning Visit (Page-33),War (Page-41),The Dean And Chapter Take Counsel (Page-52), The Ex-Warden Rejoices In His Probable(Page-57), The Stanhope Family(Page-64),Mr. Slope Manages Matters Very Cleverly (Page-204),Fourteen Arguments In Favors (Page-214), Mrs. Proudie Wrestles And Gets A Fall(Page-222),A Live Scene (Page-231),Mrs. Bold In Entertained (Page-245), A Serious Interview (Page-258),Another Love Scene (Page-266), Mrs. Bold At Home(Page-404),The Stanhope At Home (Page-412), Mr. Slope Parting Interview(Page-422),The Dean Elect (Page-430), Mr. Slope Bids Farewell On The Palace (Page-460), The New Dean Takes Passions(Page-466),Conclusion (Page-474). aAlmirah No.58 Shelf No.6 0aBarsetshire (England : Imaginary place)xFiction. 0aClergyxFiction. 7aDomestic fiction.423Contributor biographical informationuhttp://www.loc.gov/catdir/bios/random056/91053197.html423Publisher descriptionuhttp://www.loc.gov/catdir/description/random0410/91053197.html